00638nam a2200193Ia 4500952013300000999001700133003000400150005001700154008004100171020001800212040000900230082001800239100002500257245004700282260005200329300000900381650001200390942004200402 00102ddc40708HISTORYaMESbMEScHISd2019-02-20g895.00l0o954.03 GUH/Sp34713r2019-02-20 00:00:00w2019-02-20yBKzGL36R4 c21360d21360OSt20200625110842.0190216s9999||||xx |||||||||||||| ||und|| a9788178242552 coclc a954.03bGUH/S aGuha, Ranajit 93089 4aThe Small Voice Of History /cRanajit Guha bPermanent Black Publications,aRanikhet:c2009. a666p aHistory cBK2ddch954.03iGUH/Sk954.03mGUH/S